000
00274nam a22001337a 4500
020
_a
0582246148
082
_a
330
100
_a
G.F Stanlake and S J Grant
245
_a
Introductory economics
250
_a
6th ed
260
_b
longman
300
_a
553p
942
_c
BK
999
_c
3251
_d
3251